000 00491nam a2200181Ia 4500
008 131103s9999 xx 000 0 und d
040 _aLoreto College
041 _aEnglish
082 _a372.21/CHE
_bLCBED/1564
100 _aChesters, Gewndolen E
245 4 _aThe mothering of toung children
_cGwendolen E.Chesters
260 _aLondon
_bFaber
_c[19?]
300 _a82p.
_c 17cm.
504 _aIncludes index
650 _aElementary education
850 _aLCBED/1564
942 _cBK
999 _c27268
_d77747